00458nam a2200181 a 4500001001300000003000900013005001700022008004100039020000900080082001500089100001600104245002800120260005000148300000900198500003500207650001800242700001600260nice12345678IN_TiNIC20260116011911.0080417s1974 bana grp 000 0 eng  ac1700a362.5bKUR aKurien, C T aPoverty and Development aBangalorebChristian Literature Societyc1974 a209p aincludes index and biblioraphy aPoverty-India1 aKurien, C T